<?xml version="1.0" encoding="UTF-8"?>
<collection xmlns="http://www.loc.gov/MARC21/slim">
 <record>
  <leader>01825nam a22003135a 4500</leader>
  <controlfield tag="001">EUN.eunm009364</controlfield>
  <controlfield tag="008">240801s2023####ag#a##########000#0#spa#d</controlfield>
  <controlfield tag="005">20240801092128.0</controlfield>
  <datafield tag="245" ind1="1" ind2="0">
   <subfield code="a">Fábulas nativas /</subfield>
   <subfield code="c">Joaquín V. González.</subfield>
  </datafield>
  <datafield tag="250" ind1=" " ind2=" ">
   <subfield code="a">1a ed.</subfield>
  </datafield>
  <datafield tag="260" ind1=" " ind2=" ">
   <subfield code="a">La Plata :</subfield>
   <subfield code="b">EDULP,</subfield>
   <subfield code="c">2023.</subfield>
  </datafield>
  <datafield tag="300" ind1=" " ind2=" ">
   <subfield code="a">155 p. :</subfield>
   <subfield code="b">il. ;</subfield>
   <subfield code="c">21 cm.</subfield>
  </datafield>
  <datafield tag="500" ind1=" " ind2=" ">
   <subfield code="a">Grabados: Julieta Warman.</subfield>
  </datafield>
  <datafield tag="520" ind1=" " ind2=" ">
   <subfield code="a">&quot;El libro ofrece una nueva edición corregida y anotada de las Fábulas Nativas de Joaquín V. González en el centenario de su muerte. Incluye un estudio filológico que muestra el vínculo del autor con la revista Caras y Caretas donde se publicaron por primera vez los textos entre 1912 y 1921. Brinda imágenes digitalizadas y la descripción del manuscrito autógrafo que se conserva en las Salas Museo de la Biblioteca Pública de la UNLP. Así mismo, esta edición luce la incorporación de nuevos grabados en el interés de conservar el cruce original entre literatura e ilustración que acompañó a la primera versión de las fábulas.&quot;--Contratapa</subfield>
  </datafield>
  <datafield tag="505" ind1="0" ind2=" ">
   <subfield code="a">Prólogo / Marcela Fushimi, María Eugenia Costa -- Estudio filológico preliminar / María Celina Ortale -- Libro primero. Sinfonía de la Calandria -- Libro segundo. Fábulas Nativas.</subfield>
  </datafield>
  <datafield tag="020" ind1=" " ind2=" ">
   <subfield code="a">9786316568083</subfield>
  </datafield>
  <datafield tag="100" ind1="1" ind2=" ">
   <subfield code="a">González, Joaquín Víctor,</subfield>
   <subfield code="d">1863-1923.</subfield>
  </datafield>
  <datafield tag="700" ind1="1" ind2=" ">
   <subfield code="a">Warman, Julieta.</subfield>
   <subfield code="4">egr</subfield>
  </datafield>
  <datafield tag="700" ind1="1" ind2=" ">
   <subfield code="a">Fushimi, Marcela.</subfield>
   <subfield code="4">aui</subfield>
  </datafield>
  <datafield tag="700" ind1="1" ind2=" ">
   <subfield code="a">Costa, María Eugenia.</subfield>
   <subfield code="4">aui</subfield>
  </datafield>
  <datafield tag="700" ind1="1" ind2=" ">
   <subfield code="a">Ortale, María Celina.</subfield>
   <subfield code="4">aui</subfield>
  </datafield>
  <datafield tag="082" ind1="0" ind2="4">
   <subfield code="a">A868.4</subfield>
   <subfield code="2">21</subfield>
  </datafield>
  <datafield tag="650" ind1=" " ind2="7">
   <subfield code="a">Literatura argentina</subfield>
   <subfield code="y">Siglo XX.</subfield>
   <subfield code="2">unbist</subfield>
  </datafield>
  <datafield tag="650" ind1=" " ind2="7">
   <subfield code="a">Folklore.</subfield>
   <subfield code="2">unbist</subfield>
  </datafield>
  <datafield tag="650" ind1=" " ind2="4">
   <subfield code="a">Costumbrismo.</subfield>
  </datafield>
  <datafield tag="655" ind1=" " ind2="4">
   <subfield code="a">Fábula</subfield>
  </datafield>
  <datafield tag="655" ind1=" " ind2="4">
   <subfield code="a">Poesía</subfield>
  </datafield>
  <datafield tag="856" ind1="4" ind2="1">
   <subfield code="y">Versión en línea</subfield>
   <subfield code="u">http://sedici.unlp.edu.ar/handle/10915/160997</subfield>
  </datafield>
  <datafield tag="859" ind1=" " ind2=" ">
   <subfield code="a">AR-BaUNS</subfield>
   <subfield code="b">BIB. CENTRAL - Sector A</subfield>
   <subfield code="h">A868.4</subfield>
   <subfield code="i">G589-5</subfield>
   <subfield code="p">128849/024</subfield>
  </datafield>
 </record>
</collection>
